| Record ID | ia:teachyourselfora00whal |
| Source | Internet Archive |
| Download MARC XML | https://archive.org/download/teachyourselfora00whal/teachyourselfora00whal_marc.xml |
| Download MARC binary | https://www.archive.org/download/teachyourselfora00whal/teachyourselfora00whal_meta.mrc |
LEADER: 01423cam 2200433 a 4500
001 ocm38159650
003 OCoLC
005 20091210164949.0
008 970922s1998 inua 001 0 eng d
010 $a 97067506
040 $aViManCo$cDLC$dOCL$dOCLCQ$dBTCTA$dYDXCP
020 $a0672311593 (pbk.) :$c$39.99
020 $a9780672311598 (pbk.)
035 $a(OCoLC)38159650
042 $alccopycat
050 04 $aQA76.9.D3$bW4784 1998
082 00 $a005.75/85$221
100 1 $aWhalen, Edward.
245 10 $aTeach yourself Oracle 8 in 21 days /$cEdward Whalen, Steve Adrien DeLuca.
246 30 $aOracle 8 in 21 days
246 30 $aOracle eight in 21 days
250 $a1st ed.
260 $aIndianapolis, Ind. :$bSams Pub.,$c1998.
300 $axxvi, 604 p. :$bill. ;$c24 cm.
500 $aIncludes index.
630 00 $aOracle (Computer file)
650 0 $aDatabase management.
650 0 $aRelational databases.
700 1 $aDeLuca, Steve Adrien.
938 $aBaker and Taylor$bBTCP$n97067506$c$39.99
938 $aYBP Library Services$bYANK$n100097859
952 $a38159650$zDLC$bLIBRARY OF CONGRESS$hFull$iLCC$kDDC$plccopycat$u20080416
952 $a266515906$zCUD$bCAMBRIDGE UNIV$hFull$u20081031
029 1 $aYDXCP$b100097859
029 1 $aNZ1$b4888228
029 1 $aAU@$b000013857197
029 1 $aAU@$b000024007251
994 $aZ0$bPMR
948 $hNO HOLDINGS IN PMR - 105 OTHER HOLDINGS